| 000 | 00947nam a22002177a 4500 | ||
|---|---|---|---|
| 999 |
_c360 _d360 |
||
| 003 | AR-CdUCM | ||
| 008 | 190223b ||||| |||| 00| 0 spa d | ||
| 040 |
_aMUNICIPALIDAD PROVINCIAL DEL CUSCO _cBIBLIOTECA MUNICIPAL DEL CUSCO |
||
| 082 |
_a860.11 / _bF61 |
||
| 100 |
_aFlores, Juan _91465 |
||
| 245 | _aInsularismo e ideología burguesa en Antonio Pedreira / | ||
| 260 |
_aCuba : _bCasa de las américas, _c1979. |
||
| 300 |
_a95 páginas ; _c19 cm. |
||
| 500 | _aDonacion familia Nieto | ||
| 505 | _aContenido: La metáfora de la identidad nacional: aislamiento y docilidad -- Perfil de un pueblo: curso histórico y naufragio intelectual -- La cultura de la conquista ¿ilustración o enajenación? -- La continuidad de la cultura popular -- Del hispanismo al racismo ... | ||
| 650 |
_aVanguardia intelectual _91466 |
||
| 650 |
_aPolitica _9291 |
||
| 650 |
_aIndependencia cultural _91467 |
||
| 942 |
_2ddc _cLIBROS |
||
| 945 |
_aafb _d2019-02-23 |
||